মৃত্তিকার জাগরণ / (Record no. 8603)
[ view plain ]
| 000 -LEADER | |
|---|---|
| fixed length control field | 00644nam a2200217 a 4500 |
| 001 - CONTROL NUMBER | |
| JCCL Control Number | 8603 |
| 003 - CONTROL NUMBER IDENTIFIER | |
| JCCL marc code | BD-JhCC |
| 005 - DATE AND TIME OF LATEST TRANSACTION | |
| control field | 20180228085640.0 |
| 008 - FIXED-LENGTH DATA ELEMENTS--GENERAL INFORMATION | |
| fixed length control field | 180228s1964 bg a|||| ||a| 000 0 ben d |
| 035 ## - SYSTEM CONTROL NUMBER | |
| system control number | (BD-JhCC)8603 |
| 040 ## - CATALOGING SOURCE | |
| Original cataloging agency | BD-JhCC |
| Modifying agency | BD-JhCC |
| 041 ## - LANGUAGE CODE | |
| Language code of Book | ben |
| 082 ## - DEWEY DECIMAL CLASSIFICATION NUMBER | |
| Classification number | 303.44 |
| Author mark and Year | RAH 1964 |
| 100 ## - MAIN ENTRY--PERSONAL NAME | |
| Personal name | রহমান, হাবিবুর |
| 245 ## - TITLE STATEMENT | |
| Title | মৃত্তিকার জাগরণ / |
| Statement of responsibility, etc | হাবিবুর রহমান, |
| 260 ## - PUBLICATION, DISTRIBUTION, ETC. (IMPRINT) | |
| Place of publication, distribution, etc | ঢাকা : |
| Name of publisher, distributor, etc | স্টুডেন্ট ওয়েজ, |
| Date of publication, distribution, etc | 1964 |
| 300 ## - PHYSICAL DESCRIPTION | |
| Pagination | 274 p. : |
| Dimensions | 18 cm. |
| 650 ## - SUBJECT ADDED ENTRY--TOPICAL TERM | |
| Topical term or geographic name as entry element | Social Development |
| 942 ## - ADDED ENTRY ELEMENTS (KOHA) | |
| Source of classification or shelving scheme | Dewey Decimal Classification |
| Koha item type | Books |
No items available.